| 000 -LEADER |
| fixed length control field |
01692nam a22001577a 4500 |
| 008 - FIXED-LENGTH DATA ELEMENTS--GENERAL INFORMATION |
| fixed length control field |
200916b ||||| |||| 00| 0 eng d |
| 100 ## - MAIN ENTRY--PERSONAL NAME |
| Personal name |
Davis, D., and Fernandez, J. |
| 245 ## - TITLE STATEMENT |
| Title |
Collective property rights and social citizenship: recent trends in urban Latin America |
| 260 ## - PUBLICATION, DISTRIBUTION, ETC. (IMPRINT) |
| Place of publication, distribution, etc |
Social Policy and Society |
| 300 ## - PHYSICAL DESCRIPTION |
| Extent |
19(1), Jan 2020. p. 319-330 |
| 520 ## - SUMMARY, ETC. |
| Summary, etc |
This article argues that efforts to implement collective property ownership via community land trusts (CLTs) in Latin America can be seen as a viable means for reducing socio-spatial inequalities, strengthening the urban poor’s ‘right to the city,’ and enabling more substantive social citizenship. It begins by arguing that, in Latin America, market models intended to strengthen individual property rights can increase urban inequality and spatial exclusion. It then examines recent measures undertaken to reverse the negative impacts of these patterns, focusing explicitly on the adoption of CLTs and how they serve as a means for strengthening urban citizenship. After highlighting the fact that CLTs have proliferated in the US and Europe but not Latin America, we explain how and why a few Latin American countries have nonetheless embraced CLTs. Building on deeper analysis of two cases in the region, Puerto Rico and Brazil, we show that despite the legal and governance constraints of Latin American cities, CLTs can materialise when local authorities join with citizens to embrace these models.- Reproduced |
| 650 ## - SUBJECT ADDED ENTRY--TOPICAL TERM |
| Topical term or geographic name as entry element |
Urban citizenship, Global south, Inequality, Collective ownership, community land trusts |
| 9 (RLIN) |
17756 |
| 773 ## - HOST ITEM ENTRY |
| Main entry heading |
Social Policy and Society |
| 906 ## - LOCAL DATA ELEMENT F, LDF (RLIN) |
| Subject DIP |
CITIZENSHIP |
| 942 ## - ADDED ENTRY ELEMENTS (KOHA) |
| Item type |
Articles |